Animals that start with the letter K - Statistics

General Stats
  • This quiz has been taken 49 times
  • The average score is 8 of 12
Answer Stats
Picture Hint Answer % Correct
Kangaroo
98%
Kenny the- Koala
95%
Mrs. Kipling Komodo Dragon
83%
Killer Whale
80%
King Cobra
75%
Fruit Kiwi
73%
King Crab
60%
Kingfisher
58%
Koi Fish
58%
Rhymes with doodoo Kudu
45%
Kookaburra
43%
Katydid
25%
No matching quizzes found
Score Distribution
Percent of People with Each Score
Percentile by Number Answered
Your Score History
You have not taken this quiz